| 000 | 01185nam a2200241 i 4500 | ||
|---|---|---|---|
| 001 | 166731 | ||
| 003 | ES-MaACL | ||
| 005 | 20240326164523.0 | ||
| 008 | 030905s1886 sp |||| | spa d | ||
| 040 |
_aCCPB | B _bspa _cCCPB | B |
||
| 100 | 1 |
_aTutau, Juan ( _d1829-1893) _9133421 |
|
| 245 | 1 | 4 |
_aLas crisis monetarias, bursátiles, mercantiles é industrales _b: conferencias dadas en el Ateneo Barcelonés / _cpor Juan Tutau, ampliadas y adicionadas con notas y apéndices ; precedidas de un prólogo de Francisco Pi y Margall. |
| 260 |
_aBarcelona : _bTipografía La Academia de Evaristo Ullastres, _c1886. |
||
| 300 |
_aXV, 151 p. ; _c19 cm. |
||
| 530 | _aDisponible en formato digital. | ||
| 650 | 0 | 4 |
_aCrisis económicas. _911421 |
| 700 | 1 |
_aPi y Margall, Francisco, _d1824-1901 _991732 |
|
| 710 | 2 |
_aAteneu Barcelonès. _92060 |
|
| 852 |
_aES-MaACL _jT-591-F-6 _z-- Enc. hol., falto de la cub. original _z-- Enc. en un vol. facticio |
||
| 852 |
_aES-MaACL _jT-1300-F-4 _z-- Enc. hol., conservando la cub. original _z-- Enc. en un vol. facticio |
||
| 856 |
_uhttp://bdh-rd.bne.es/viewer.vm?id=0000147711&page=1 _zBiblioteca Digital Hispánica |
||
| 999 |
_c166731 _d166731 |
||